000 00667nam a2200229Ia 4500
003 GCL
008 140319s9999 xx 000 0 ara d
040 _aGCL /
_cGCL
082 0 4 _a320.5315
_bت ا
100 1 _aشوقى جلال
245 1 0 _aالاخلاق والسياسة /
_cشوقى جلال
700 1 _aتيتارثكو، ا.
260 _a[S.N] :
_bالمكتبة الاكاديمية ،
_c1975
300 _a256 ص ؛
_c24 سم
490 _a
650 0 4 _aالماركسية
650 0 4 _aالسياسة
650 0 4 _aالاخلاق
650 0 4 _aالسياسة - نظريات
650 0 4 _aالاخلاق السياسية
942 _2ddc
_cBK
999 _c44887
_d44887